Demography / (Record no. 65051)

MARC details
000 -LEADER
fixed length control field 00581nam a22001697a 4500
005 - DATE AND TIME OF LATEST TRANSACTION
control field 20120416125351.0
020 ## - INTERNATIONAL STANDARD BOOK NUMBER
International Standard Book Number 818527472X
Terms of availability 00.00
035 ## - SYSTEM CONTROL NUMBER
System control number A-482037
037 ## - SOURCE OF ACQUISITION
Stock number DPL
Source of stock number/acquisition ENG
100 ## - MAIN ENTRY--PERSONAL NAME
Personal name Cox, Peter R.
245 ## - TITLE STATEMENT
Title Demography /
Statement of responsibility, etc by Peter R. Cox
250 ## - EDITION STATEMENT
Edition statement 5th ed.
260 ## - PUBLICATION, DISTRIBUTION, ETC. (IMPRINT)
Place of publication, distribution, etc New Delhi
Name of publisher, distributor, etc Universal Book Stall
Date of publication, distribution, etc 1990
300 ## - PHYSICAL DESCRIPTION
Extent ix, 393p.
Dimensions 20 cms.
942 ## - ADDED ENTRY ELEMENTS (KOHA)
Source of classification or shelving scheme Dewey Decimal Classification
Item type English Books
Classification part 304.6
Call number suffix COX
Holdings
Withdrawn status Lost status Not for loan Collection code Home library Current library Date acquired Cost, normal purchase price Full call number Barcode Cost, replacement price Koha item type
      Non-fiction Sarojini Nagar Sarojini Nagar 16/04/2012 0.00 304.6 COX A-482037 0.00 English Books

© Delhi Public Library
Hit Counter
free hit counter